00936nam0a22002411 4500001001100000005001700011021001900028035002600047100004100073101000800114102000700122105001800129200012700147210004200274215001500316225007000331606007600401606004100477700007200518701006400590801001800654801002200672rc\356256520250610040316.0 aRUb[76-10846] a(NLR Aleph) 007678149 a20130115d1976 |||y0rusy50 ca0 arus aRU ay z |||||1 aПособия на детей малообеспеченным семьямfК.В. Проценко, Е.М. Шомов aМоскваcЮрид. лит.d1976 a56 с.d201 aНовое в советском законодательстве aОхрана материнства и детства в СССР2psbo aПенсии и пособия2psbo 1aПроценкоbК.В.gКонстантин Васильевич 1aШомовbЕ.М.gЕвгений Михайлович 0aRUbNLRgpsbo 1aRUbELAR2rusmarc